Loga banków - Statystyki

Ogólne statystyki
  • Ten quiz został rozwiązany 56 razy
    18 od ostatniego zresetowania
  • Średni wynik to 9 z 12
Statystyki odpowiedzi
Obrazkowy Odpowiedź % Poprawnych
Credit Agricole
100%
mBank
100%
Millenium Bank
100%
Alior Bank
92%
Santander Bank
92%
ING Bank Śląski
85%
Bank Pekao
77%
Spółdzielcza Grupa Bankowa
69%
BNP Paribas
62%
Bank Pocztowy
54%
Nest Bank
54%
Deutsche Bank
38%
Nie znaleziono quizów pasujących do podanych kryteriów
Rozkład punktacji
Procent ludzi z każdym wynikiem
Percentyl według liczby udzielonych odpowiedzi
Twoja historia wyników
Nie rozwiązałeś tego quizu od ostatniego zresetowania